[Event "33 Open Andorra Hotel St.Gothard "]
[Site "Erts-La Massana"]
[Date "2015.07.22"]
[Round "5.6"]
[White "Barbot, Pierre"]
[Black "Gozzoli, Yannick"]
[Result "1/2-1/2"]
[WhiteElo "2445"]
[BlackElo "2567"]
[PlyCount "69"]
[EventDate "2015.??.??"]

1. d4 Nf6 2. c4 e6 3. Nf3 d5 4. Nc3 c6 5. e3 Nbd7 6. Qc2 Bd6 7. Bd3 O-O 8. O-O
dxc4 9. Bxc4 b5 10. Be2 Bb7 11. e4 e5 12. dxe5 Nxe5 13. Nd4 Neg4 14. g3 g6 15.
h3 Nxf2 16. Rxf2 Bxg3 17. Be3 Bxf2+ 18. Bxf2 Re8 19. Bf3 Nd7 20. Bg2 Ne5 21.
Nb3 Qg5 22. Qe2 Rad8 23. Be3 Qg3 24. Bf2 Qg5 25. Be3 Qg3 26. Bf2 Qd3 27. Bxa7
b4 28. Qxd3 Nxd3 29. Nd1 f5 30. Nf2 Nf4 31. Bb6 Ra8 32. Bc5 Ba6 33. exf5 Nxg2
34. Kxg2 Bc4 35. Nd2 1/2-1/2

[Event "33 Open Andorra Hotel St.Gothard "]
[Site "Erts-La Massana"]
[Date "2015.07.22"]
[Round "5.7"]
[White "Lagarde, Maxime"]
[Black "Trepat Herranz, Joan"]
[Result "1/2-1/2"]
[WhiteElo "2544"]
[BlackElo "2351"]
[PlyCount "45"]
[EventDate "2015.??.??"]

1. Nf3 Nf6 2. c4 e6 3. g3 d5 4. Bg2 Be7 5. O-O O-O 6. b3 c5 7. e3 Nc6 8. Bb2 d4
9. exd4 cxd4 10. Re1 Ne8 11. Na3 f6 12. Nc2 e5 13. d3 Nc7 14. Qd2 a5 15. Re2
Rb8 16. Rae1 Bd6 17. Qd1 Bg4 18. h3 Bh5 19. g4 Bf7 20. Bc1 Ne6 21. Nh4 Ne7 22.
Na3 g5 23. Nf5 1/2-1/2

[Event "33 Open Andorra Hotel St.Gothard "]
[Site "Erts-La Massana"]
[Date "2015.07.22"]
[Round "5.8"]
[White "Arizmendi Martinez, Julen Luis"]
[Black "Garcia, Jhoel"]
[Result "1-0"]
[WhiteElo "2529"]
[BlackElo "2336"]
[PlyCount "61"]
[EventDate "2015.??.??"]

1. d4 Nf6 2. c4 e6 3. Nc3 Bb4 4. e3 O-O 5. Bd3 d5 6. Nf3 c5 7. O-O Nc6 8. a3
Bxc3 9. bxc3 dxc4 10. Bxc4 b6 11. Re1 Qc7 12. e4 cxd4 13. cxd4 e5 14. Bg5 Nxd4
15. Bxf6 Qxc4 16. Nxe5 Qe6 17. Bxg7 Rd8 18. Nxf7 Qxf7 19. Bxd4 Qc4 20. Qh5 Qxd4
21. Rad1 Qf6 22. Rxd8+ Qxd8 23. Rd1 Bd7 24. Qd5+ Kf8 25. Qxd7 Qxd7 26. Rxd7 Rc8
27. f3 a5 28. Rb7 Rc3 29. Rxb6 Rxa3 30. h4 Ke8 31. h5 1-0

[Event "33 Open Andorra Hotel St.Gothard "]
[Site "Erts-La Massana"]
[Date "2015.07.22"]
[Round "5.9"]
[White "Narciso Dublan, Marc"]
[Black "Rudolf, Anna"]
[Result "1/2-1/2"]
[WhiteElo "2521"]
[BlackElo "2335"]
[PlyCount "99"]
[EventDate "2015.??.??"]

1. d4 d5 2. c4 e6 3. Nc3 Be7 4. Nf3 Nf6 5. Bg5 h6 6. Bh4 O-O 7. e3 b6 8. Be2
Bb7 9. Bxf6 Bxf6 10. cxd5 exd5 11. b4 c6 12. O-O Qd6 13. Qb3 Re8 14. Bd3 Nd7
15. e4 dxe4 16. Nxe4 Qf4 17. Nxf6+ Nxf6 18. Ne5 Nd5 19. Rfd1 Rad8 20. Rac1 Rd6
21. Bc4 Red8 22. g3 Qf6 23. Re1 b5 24. Bd3 Bc8 25. Qa3 Bh3 26. Bf1 Bxf1 27.
Kxf1 Ne7 28. Qf3 Qxf3 29. Nxf3 Nf5 30. a3 Rf6 31. Red1 Rfd6 32. Rc5 g6 33. Rdc1
Nxd4 34. Nxd4 Rxd4 35. Rxc6 a5 36. bxa5 Ra4 37. R1c3 Rxa5 38. Rc7 Rda8 39. Rf3
R8a7 40. Rfxf7 Rxc7 41. Rxc7 Rxa3 42. Rb7 Rb3 43. g4 g5 44. Kg2 Rb1 45. Kf3 Rb4
46. Kg3 Rb1 47. h4 Rb3+ 48. f3 gxh4+ 49. Kxh4 Rxf3 50. Rxb5 1/2-1/2

[Event "33 Open Andorra Hotel St.Gothard "]
[Site "Erts-La Massana"]
[Date "2015.07.22"]
[Round "5.10"]
[White "Garcia Trobat, Francisco"]
[Black "Riff, Jean-Noel"]
[Result "0-1"]
[WhiteElo "2273"]
[BlackElo "2502"]
[PlyCount "54"]
[EventDate "2015.??.??"]

1. d4 d5 2. c4 e6 3. Nc3 c5 4. e3 Nf6 5. Nf3 Nc6 6. a3 a6 7. Bd3 dxc4 8. Bxc4
b5 9. Ba2 Bb7 10. O-O Bd6 11. Qe2 O-O 12. Rd1 cxd4 13. exd4 b4 14. d5 bxc3 15.
dxc6 Bxc6 16. Bg5 cxb2 17. Qxb2 Bxf3 18. gxf3 Qe7 19. Rxd6 Qxd6 20. Bxf6 gxf6
21. Qxf6 Qd8 22. Qe5 f6 23. Qxe6+ Kh8 24. Kh1 Qe8 25. Qh3 Ra7 26. Rg1 Rg7 27.
Rg3 Qe2 0-1

[Event "33 Open Andorra Hotel St.Gothard "]
[Site "Erts-La Massana"]
[Date "2015.07.22"]
[Round "5.11"]
[White "Asis Gargatagli, Hipolito"]
[Black "Gomez Jurado, Luis Alberto"]
[Result "1/2-1/2"]
[WhiteElo "2472"]
[BlackElo "2272"]
[PlyCount "76"]
[EventDate "2015.??.??"]

1. e4 c6 2. d4 d5 3. e5 Bf5 4. Nf3 e6 5. Be2 h6 6. O-O Nd7 7. Nbd2 Ne7 8. Nb3
Nc8 9. Ne1 Bg6 10. Nd3 Be7 11. Nf4 Bh7 12. Bd3 Bxd3 13. cxd3 g6 14. Bd2 Bg5 15.
Rc1 h5 16. g3 Bh6 17. Ng2 Bxd2 18. Qxd2 Ne7 19. Ne3 b6 20. Rc3 c5 21. f4 Nc6
22. Nc2 Rc8 23. Qf2 O-O 24. Rc1 f6 25. exf6 Qxf6 26. dxc5 bxc5 27. Nxc5 Nxc5
28. Rxc5 Qxb2 29. Nd4 Qxd4 30. Qxd4 Nxd4 31. Rxc8 Ne2+ 32. Kf2 Nxc1 33. Rxc1
Rb8 34. Rc2 Rb7 35. Ke3 Kf7 36. Rc6 Rb2 37. Rc7+ Kf6 38. Rxa7 Rxh2 1/2-1/2

[Event "33 Open Andorra Hotel St.Gothard "]
[Site "Erts-La Massana"]
[Date "2015.07.22"]
[Round "5.12"]
[White "Mingarro Carceller, Sergi"]
[Black "Aloma Vidal, Robert"]
[Result "0-1"]
[WhiteElo "2264"]
[BlackElo "2451"]
[PlyCount "90"]
[EventDate "2015.??.??"]

1. e4 c5 2. Nf3 d6 3. Bb5+ Nd7 4. O-O a6 5. Bd3 Ngf6 6. Re1 e6 7. c3 b5 8. a4
Rb8 9. Bc2 c4 10. axb5 axb5 11. b3 Nc5 12. Nd4 Bb7 13. bxc4 bxc4 14. Na3 Nfxe4
15. Nxc4 Qh4 16. f3 d5 17. fxe4 dxc4 18. Ba4+ Kd8 19. Bc6 Nd3 20. g3 Qe7 21.
Rf1 Nxc1 22. Qxc1 e5 23. Bxb7 Qxb7 24. Nf3 Qxe4 25. Ra5 f6 26. Qd1 Bd6 27. d4
cxd3 28. Re1 Qc4 29. Nd2 Qc6 30. Ne4 Qb6+ 31. Kh1 Qxa5 32. Qxd3 Rb6 33. Nxd6
Kc7 34. Rd1 Qa8+ 35. Kg1 Qc6 36. Nf5 Rb2 37. Ne3 Ra8 38. c4 Kb7 39. Qxh7 Raa2
40. Qh3 Rxh2 41. Qxh2 Rxh2 42. Kxh2 Qf3 43. Rb1+ Kc6 44. Ng2 Qh5+ 45. Kg1 Qg6
0-1

[Event "33 Open Andorra Hotel St.Gothard "]
[Site "Erts-La Massana"]
[Date "2015.07.22"]
[Round "5.13"]
[White "Abergel, Thal"]
[Black "Sanchez Jerez, Emilio Miguel"]
[Result "1-0"]
[WhiteElo "2440"]
[BlackElo "2217"]
[PlyCount "45"]
[EventDate "2015.??.??"]

1. e4 c5 2. Nf3 Nc6 3. Bb5 Nf6 4. Nc3 g6 5. e5 Ng4 6. Bxc6 dxc6 7. h3 Nh6 8. g4
Bg7 9. d3 O-O 10. Bf4 f6 11. Qe2 Nxg4 12. hxg4 Bxg4 13. e6 b5 14. Qe4 b4 15.
Na4 f5 16. Qxc6 Rc8 17. Qb7 Qe8 18. Ne5 h6 19. Nf7 Qxa4 20. Nxh6+ Bxh6 21. Rxh6
Qxc2 22. Rxg6+ Kh7 23. Qh1+ 1-0

[Event "33 Open Andorra Hotel St.Gothard "]
[Site "Erts-La Massana"]
[Date "2015.07.22"]
[Round "5.14"]
[White "Romero Calduch, Sergio"]
[Black "Antoli Royo, Joaquin Miguel"]
[Result "0-1"]
[WhiteElo "2172"]
[BlackElo "2430"]
[PlyCount "72"]
[EventDate "2015.??.??"]

1. d4 Nf6 2. c4 d6 3. Nf3 Nbd7 4. Nc3 e5 5. e4 c6 6. h3 g6 7. g3 Bg7 8. Bg2 O-O
9. O-O exd4 10. Nxd4 Nc5 11. Be3 Re8 12. Qc2 a5 13. b3 Bd7 14. Rad1 Qe7 15.
Rfe1 Rad8 16. Bc1 Bc8 17. Ba3 Qc7 18. Bc1 Qb6 19. Be3 Qb4 20. a3 Qb6 21. b4
axb4 22. axb4 Qxb4 23. Ra1 Qb6 24. Na4 Nxa4 25. Rxa4 Qc7 26. Ra7 Nd7 27. Rd1
Nc5 28. e5 Qb8 29. Ra5 Bxe5 30. Rb1 Qc7 31. Ra7 Bxd4 32. Bxd4 Bf5 33. Qc1 Bxb1
34. Qh6 f6 35. Bxf6 Ra8 36. Bxc6 Re1+ 0-1

[Event "33 Open Andorra Hotel St.Gothard "]
[Site "Erts-La Massana"]
[Date "2015.07.22"]
[Round "5.16"]
[White "Chargelegue, Thomas"]
[Black "Berkovich, Mark A"]
[Result "1/2-1/2"]
[WhiteElo "2094"]
[BlackElo "2376"]
[PlyCount "40"]
[EventDate "2015.??.??"]

1. e4 Nf6 2. e5 Nd5 3. d4 d6 4. Nf3 dxe5 5. Nxe5 c6 6. Be2 g6 7. O-O Bg7 8. c4
Nc7 9. Be3 O-O 10. Nc3 Nd7 11. Nf3 Nf6 12. h3 Bf5 13. Qb3 Rb8 14. Rfd1 b5 15.
Ne5 bxc4 16. Qa3 Bd7 17. Bxc4 Ncd5 18. Bg5 a5 19. Na4 Re8 20. Nc5 Rc8 1/2-1/2

[Event "33 Open Andorra Hotel St.Gothard "]
[Site "Erts-La Massana"]
[Date "2015.07.22"]
[Round "5.17"]
[White "Cortes Jurado, Rafael"]
[Black "Trigo Urquijo, Sergio"]
[Result "1/2-1/2"]
[WhiteElo "2073"]
[BlackElo "2358"]
[PlyCount "130"]
[EventDate "2015.??.??"]

1. d4 Nf6 2. c4 d6 3. Nc3 e5 4. e4 Nbd7 5. Nf3 g6 6. d5 Nc5 7. Qc2 a5 8. h3 Bg7
9. Be2 O-O 10. O-O Nh5 11. Re1 Nf4 12. Bf1 f5 13. Bxf4 exf4 14. e5 dxe5 15.
Nxe5 a4 16. Rad1 Re8 17. Nd3 Nxd3 18. Qxd3 Bd7 19. a3 Be5 20. c5 Qf6 21. d6
cxd6 22. Nd5 Qd8 23. Nb6 Ra5 24. Qd5+ Be6 25. Qxb7 Rxc5 26. Nxa4 Rc7 27. Qf3
Qa8 28. Qxa8 Rxa8 29. Nc3 Bb3 30. Rd3 Bc4 31. Rd2 Rb8 32. Bxc4+ Rxc4 33. Red1
f3 34. gxf3 Kg7 35. Kg2 h5 36. Re2 Rb3 37. Rd5 Kf6 38. Nb5 Rf4 39. Nxd6 Bxb2
40. Ne8+ Kg5 41. Rd6 Bxa3 42. Ra6 Rfxf3 43. Ree6 Bc5 44. Rxg6+ Kf4 45. Ra2 Rxh3
46. Re2 Rh4 47. Nc7 Rg4+ 48. Rxg4+ Kxg4 49. Rc2 Bd6 50. Nd5 f4 51. Nf6+ Kh4 52.
Rc4 Bb8 53. Nd5 Kg4 54. Rb4 Rxb4 55. Nxb4 f3+ 56. Kh1 Be5 57. Nc2 Bc3 58. Kh2
h4 59. Kg1 h3 60. Kh2 Kh4 61. Kg1 Kg4 62. Kh2 Be5+ 63. Kh1 Bg3 64. Ne1 Bxf2 65.
Nxf3 Kxf3 1/2-1/2

[Event "33 Open Andorra Hotel St.Gothard "]
[Site "Erts-La Massana"]
[Date "2015.07.22"]
[Round "5.18"]
[White "Guichard, Pauline"]
[Black "Vlachos, Anatole"]
[Result "1-0"]
[WhiteElo "2353"]
[BlackElo "2028"]
[PlyCount "39"]
[EventDate "2015.??.??"]

1. d4 g6 2. Nf3 Bg7 3. Bf4 c5 4. c3 d5 5. e3 cxd4 6. cxd4 Qb6 7. Nc3 Nf6 8.
Bxb8 Qxb2 9. Bb5+ Kf8 10. O-O Rxb8 11. Qa4 a6 12. Rab1 axb5 13. Qa7 Qxc3 14.
Rfc1 Qd3 15. Qxb8 Bh6 16. Ne1 Qf5 17. Rxc8+ Ne8 18. Rxe8+ Kg7 19. Rxh8 Qxb1 20.
Rg8+ 1-0

[Event "33 Open Andorra Hotel St.Gothard "]
[Site "Erts-La Massana"]
[Date "2015.07.22"]
[Round "5.19"]
[White "Jolly, Jean-Francois"]
[Black "Caron, Damien"]
[Result "1-0"]
[WhiteElo "2345"]
[BlackElo "2024"]
[PlyCount "52"]
[EventDate "2015.??.??"]

1. e4 c5 2. Nf3 e6 3. d4 cxd4 4. Nxd4 Nf6 5. Nc3 d6 6. Be3 a6 7. Be2 Be7 8. O-O
Qc7 9. a4 b6 10. f4 Bb7 11. Bf3 Nbd7 12. Qe2 O-O 13. Kh1 Rfe8 14. g4 Nc5 15.
Qg2 e5 16. fxe5 dxe5 17. Nf5 Bf8 18. g5 Nfd7 19. b4 Ne6 20. Nd5 Bxd5 21. exd5
Nf4 22. Bxf4 exf4 23. d6 Qa7 24. Bxa8 Rxa8 25. Rae1 Rd8 26. Ne7+ Kh8 1-0

[Event "33 Open Andorra Hotel St.Gothard "]
[Site "Erts-La Massana"]
[Date "2015.07.22"]
[Round "5.20"]
[White "Bernal Moro, Luis Javier"]
[Black "Picart, Laurent"]
[Result "1-0"]
[WhiteElo "2435"]
[BlackElo "2142"]
[PlyCount "83"]
[EventDate "2015.??.??"]

1. c4 Nf6 2. Nc3 e6 3. e4 d5 4. cxd5 exd5 5. e5 d4 6. exf6 dxc3 7. Bb5+ c6 8.
Qe2+ Be6 9. Bc4 Qxf6 10. dxc3 Be7 11. Bxe6 Qxe6 12. Qxe6 fxe6 13. Nf3 Nd7 14.
Bf4 Bf6 15. O-O-O Nb6 16. Rhe1 Kf7 17. Bc7 Rhe8 18. Kc2 Nd5 19. Bg3 b5 20. Nd2
Rad8 21. Ne4 e5 22. a4 Kg6 23. axb5 cxb5 24. Ra1 Rd7 25. Ra5 Rb8 26. Rea1 b4
27. Rxa7 Rxa7 28. Rxa7 bxc3 29. bxc3 Kf5 30. Nd6+ Ke6 31. Ne4 Kf5 32. Nxf6 Kxf6
33. Ra6+ Kf5 34. Ra5 Rd8 35. Bxe5 Kxe5 36. c4 g5 37. h3 h5 38. g3 g4 39. hxg4
hxg4 40. Rxd5+ Rxd5 41. cxd5 Kxd5 42. Kd3 1-0

[Event "33 Open Andorra Hotel St.Gothard "]
[Site "Erts-La Massana"]
[Date "2015.07.23"]
[Round "6.2"]
[White "Vovk, Yuri"]
[Black "Granda Zuniga, Julio E"]
[Result "0-1"]
[WhiteElo "2632"]
[BlackElo "2652"]
[PlyCount "122"]
[EventDate "2015.??.??"]

1. d4 d5 2. c4 e6 3. Nc3 Nf6 4. Nf3 c6 5. Bg5 Nbd7 6. Qb3 dxc4 7. Qxc4 Qb6 8.
Rb1 Bb4 9. e3 Ne4 10. Bd3 Nxg5 11. Nxg5 Qa5 12. Nf3 Nb6 13. Qb3 Qa4 14. Qxa4
Nxa4 15. Kd2 O-O 16. Rhc1 Rd8 17. Ke2 Nxc3+ 18. bxc3 Bd6 19. Ng5 h6 20. Ne4 Bc7
21. f4 b6 22. h3 Rd5 23. g4 Ra5 24. Rc2 Bd7 25. Nd2 Rc8 26. Rg1 g5 27. Ne4 Kg7
28. fxg5 hxg5 29. Rf1 Rh8 30. Nf6 Be8 31. Kd1 Bd8 32. Nh5+ Kf8 33. Bc4 Rh6 34.
Rcf2 f5 35. e4 f4 36. e5 b5 37. Bb3 Bxh5 38. gxh5 Rxh5 39. Bxe6 Rh6 40. Bg4 Bb6
41. Rd2 Ra3 42. Rf3 b4 43. c4 Rxf3 44. Bxf3 Rxh3 45. Bxc6 f3 46. c5 Ba5 47. Rf2
g4 48. d5 b3 49. Rf1 Rh2 50. axb3 Ra2 51. d6 Ra1+ 52. Kc2 Rxf1 53. e6 Bd8 54.
Bb5 Rc1+ 55. Kxc1 g3 56. c6 g2 57. c7 g1=Q+ 58. Kc2 Qc5+ 59. Kb1 Bf6 60. Ba6 f2
61. Bd3 Qc3 0-1

[Event "33 Open Andorra Hotel St.Gothard "]
[Site "Erts-La Massana"]
[Date "2015.07.23"]
[Round "6.3"]
[White "Vovk, Andrey"]
[Black "Iturrizaga Bonelli, Eduardo"]
[Result "1-0"]
[WhiteElo "2621"]
[BlackElo "2625"]
[PlyCount "75"]
[EventDate "2015.??.??"]

1. e4 c5 2. Nf3 e6 3. d4 cxd4 4. Nxd4 Nc6 5. Nc3 Qc7 6. f4 a6 7. Nxc6 Qxc6 8.
Bd3 b5 9. Qe2 Bb7 10. Bd2 Bc5 11. a3 Ne7 12. Rf1 O-O-O 13. O-O-O d5 14. exd5
Nxd5 15. Ne4 Bb6 16. Ng5 Rd7 17. Kb1 h6 18. Nf3 f6 19. c4 bxc4 20. Bxc4 Nc7 21.
Rfe1 Kb8 22. Rc1 Rhd8 23. Bxa6 Qxf3 24. gxf3 Bxa6 25. Rxc7 Bxe2 26. Rxd7 Bd3+
27. Rxd3 Rxd3 28. Rxe6 Bc5 29. Bc1 Rxf3 30. b4 Bd4 31. Re4 Bg1 32. Re8+ Kc7 33.
Re7+ Kd6 34. Rxg7 Bxh2 35. Rg6 Rf1 36. Kb2 Kd5 37. Rxf6 Bg3 38. Rxh6 1-0

[Event "33 Open Andorra Hotel St.Gothard "]
[Site "Erts-La Massana"]
[Date "2015.07.23"]
[Round "6.4"]
[White "Abergel, Thal"]
[Black "Vazquez Igarza, Renier"]
[Result "1/2-1/2"]
[WhiteElo "2440"]
[BlackElo "2581"]
[PlyCount "78"]
[EventDate "2015.??.??"]

1. e4 c5 2. Nf3 e6 3. d4 cxd4 4. Nxd4 a6 5. Be2 Nf6 6. Nc3 Qc7 7. O-O d6 8. f4
Be7 9. Bf3 O-O 10. Be3 Nc6 11. Kh1 Rd8 12. a4 Ne5 13. Be2 Nc4 14. Bc1 e5 15.
Nf5 Bxf5 16. exf5 d5 17. Bxc4 dxc4 18. Qf3 e4 19. Nxe4 Nxe4 20. Qxe4 Bf6 21. c3
Re8 22. Qc2 Qc6 23. Qf2 Re4 24. Bd2 Rae8 25. Rfe1 Rxe1+ 26. Bxe1 h5 27. h3 Qd5
28. Qf1 h4 29. Bf2 Re4 30. Bg1 Qxf5 31. Bh2 Qh5 32. Re1 Rxe1 33. Qxe1 Qd5 34.
Qe8+ Kh7 35. Qc8 Qc6 36. Qxc6 bxc6 37. Kg1 Kg6 38. Kf2 Kf5 39. Kf3 Be7 1/2-1/2

[Event "33 Open Andorra Hotel St.Gothard "]
[Site "Erts-La Massana"]
[Date "2015.07.23"]
[Round "6.5"]
[White "Gozzoli, Yannick"]
[Black "Roser, Kevin"]
[Result "1/2-1/2"]
[WhiteElo "2567"]
[BlackElo "2403"]
[PlyCount "133"]
[EventDate "2015.??.??"]

1. d4 Nf6 2. c4 e6 3. Nc3 Bb4 4. Nf3 c5 5. g3 cxd4 6. Nxd4 Ne4 7. Qc2 Qa5 8.
Bg2 Nxc3 9. O-O Nc6 10. Be3 Nxd4 11. Bxd4 Na4 12. Bxg7 Rg8 13. a3 Bf8 14. Bxf8
Rxf8 15. Rfd1 d6 16. Rxd6 Bd7 17. b4 Qc7 18. Rad1 O-O-O 19. c5 Nb6 20. Qd3 Nd5
21. e4 Ba4 22. Re1 Ne7 23. h4 e5 24. Bh3+ Kb8 25. b5 Nc8 26. Bxc8 Rxc8 27. Rc1
Qa5 28. Qd5 Qxb5 29. Qxe5 Ka8 30. Qd4 Qb3 31. Qb4 Rfd8 32. e5 Rxd6 33. exd6
Qxb4 34. axb4 Bb5 35. Rc3 Re8 36. Kh2 Bc6 37. Rc4 Kb8 38. Rf4 Bd5 39. Rf5 Bc4
40. Rh5 Bd3 41. f3 a6 42. g4 Re2+ 43. Kg3 Kc8 44. Rd5 Bb1 45. Rg5 Rb2 46. Rg7
Rxb4 47. Rxf7 a5 48. h5 a4 49. g5 Rb5 50. g6 hxg6 51. h6 g5 52. Rf8+ Kd7 53.
Rf7+ Ke8 54. h7 Bxh7 55. Rxh7 Rxc5 56. Rxb7 Ra5 57. f4 a3 58. Rb1 Kd7 59. fxg5
Rxg5+ 60. Kf4 Ra5 61. Ke4 Kxd6 62. Kd4 Ra4+ 63. Kc3 Kc5 64. Ra1 Rh4 65. Rxa3
Rh3+ 66. Kb2 Rxa3 67. Kxa3 1/2-1/2

[Event "33 Open Andorra Hotel St.Gothard "]
[Site "Erts-La Massana"]
[Date "2015.07.23"]
[Round "6.6"]
[White "Kalegin, Evgenij"]
[Black "Lagarde, Maxime"]
[Result "0-1"]
[WhiteElo "2445"]
[BlackElo "2544"]
[PlyCount "94"]
[EventDate "2015.??.??"]

1. e4 c5 2. c3 e6 3. Nf3 d5 4. exd5 exd5 5. d4 Nc6 6. Bb5 Bd6 7. dxc5 Bxc5 8.
O-O Nge7 9. Nbd2 Bb6 10. Nb3 Bg4 11. Bg5 f6 12. Bf4 O-O 13. h3 Bh5 14. Be2 Bf7
15. Nbd4 Re8 16. Re1 Ng6 17. Bg3 Nge5 18. Qa4 Nxf3+ 19. Nxf3 Re4 20. Qc2 Rc8
21. a3 f5 22. Bd3 Qf6 23. Qd2 h6 24. Rad1 g5 25. Kh1 Rce8 26. Ng1 Rxe1 27. Rxe1
Rxe1 28. Qxe1 f4 29. Bh2 d4 30. Ne2 Ne5 31. Be4 d3 32. Nd4 Bc7 33. Qd1 Bg6 34.
f3 Qb6 35. b4 Qa6 36. b5 Qxa3 37. Bxg6 Qxc3 38. Bxd3 Qxd3 39. Qxd3 Nxd3 40. Ne6
Nf2+ 41. Kg1 Bb6 42. Kf1 Nd1 43. Ke2 Nc3+ 44. Kd3 Nxb5 45. h4 Kf7 46. hxg5 Kxe6
47. gxh6 Kf5 0-1

[Event "33 Open Andorra Hotel St.Gothard "]
[Site "Erts-La Massana"]
[Date "2015.07.23"]
[Round "6.7"]
[White "Demuth, Adrien"]
[Black "Guichard, Pauline"]
[Result "1-0"]
[WhiteElo "2531"]
[BlackElo "2353"]
[PlyCount "107"]
[EventDate "2015.??.??"]

1. d4 d5 2. c4 e6 3. Nf3 Nf6 4. Nc3 Bb4 5. Qb3 c5 6. dxc5 Nc6 7. Bg5 h6 8. Bxf6
Qxf6 9. cxd5 exd5 10. e3 O-O 11. Bb5 d4 12. Bxc6 dxc3 13. Qxb4 cxb2 14. Rb1
bxc6 15. O-O Ba6 16. Rfe1 Rab8 17. Qa3 Bc4 18. Nd4 Qg5 19. Rxb2 Rxb2 20. Qxb2
Qxc5 21. Qc3 Rb8 22. a3 f6 23. Rc1 Qd5 24. h3 c5 25. Qxc4 Qxc4 26. Rxc4 cxd4
27. Rxd4 Rb5 28. a4 Ra5 29. Rb4 Kf7 30. Kh2 Ke6 31. Kg3 Kd6 32. Kh4 Ke6 33. g4
g6 34. Kg3 h5 35. Kh4 hxg4 36. hxg4 Rc5 37. Kg3 Ra5 38. f4 Kd6 39. Kf3 Ke6 40.
Re4+ Kd6 41. Ke2 Kd5 42. Rd4+ Ke6 43. Rc4 Ra6 44. Kd3 Kd5 45. Re4 Kd6 46. Kc3
Kd5 47. Rd4+ Kc5 48. Kd3 Kc6 49. Rd8 Kc7 50. Rd4 Re6 51. e4 Ra6 52. e5 fxe5 53.
fxe5 g5 54. Ke4 1-0

[Event "33 Open Andorra Hotel St.Gothard "]
[Site "Erts-La Massana"]
[Date "2015.07.23"]
[Round "6.8"]
[White "Antoli Royo, Joaquin Miguel"]
[Black "Arizmendi Martinez, Julen Luis"]
[Result "1/2-1/2"]
[WhiteElo "2430"]
[BlackElo "2529"]
[PlyCount "30"]
[EventDate "2015.??.??"]

1. d4 d5 2. Nf3 Nf6 3. c4 e6 4. Nc3 Be7 5. Bg5 O-O 6. e3 b6 7. cxd5 Nxd5 8.
Bxe7 Qxe7 9. Rc1 Bb7 10. Bd3 Rc8 11. O-O c5 12. Nxd5 exd5 13. dxc5 bxc5 14. Qa4
g6 15. Rfd1 Nd7 1/2-1/2

[Event "33 Open Andorra Hotel St.Gothard "]
[Site "Erts-La Massana"]
[Date "2015.07.23"]
[Round "6.9"]
[White "Riff, Jean-Noel"]
[Black "Barbot, Pierre"]
[Result "1-0"]
[WhiteElo "2502"]
[BlackElo "2445"]
[PlyCount "71"]
[EventDate "2015.??.??"]

1. e4 c5 2. Nf3 d6 3. Bb5+ Nd7 4. d4 a6 5. Bxd7+ Bxd7 6. dxc5 dxc5 7. Ne5 e6 8.
Qh5 g6 9. Qf3 Qf6 10. Qg3 Bd6 11. Nxd7 Kxd7 12. f4 e5 13. Qb3 Kc7 14. Nd2 Qe6
15. Nc4 b5 16. Nxd6 Qxb3 17. axb3 Kxd6 18. Be3 Nf6 19. O-O-O+ Ke6 20. f5+ Ke7
21. Bxc5+ Ke8 22. Rhe1 Nd7 23. Bd6 gxf5 24. exf5 f6 25. Rd2 Rg8 26. Re3 Rc8 27.
Bb4 Rg4 28. Red3 Nb8 29. Ba5 Nc6 30. Rc3 Ke7 31. Bb6 Rf4 32. Bc5+ Ke8 33. Rd6
Rd8 34. Rcd3 e4 35. Re6+ Kf7 36. Rxd8 1-0

[Event "33 Open Andorra Hotel St.Gothard "]
[Site "Erts-La Massana"]
[Date "2015.07.23"]
[Round "6.10"]
[White "Aloma Vidal, Robert"]
[Black "Jolly, Jean-Francois"]
[Result "0-1"]
[WhiteElo "2451"]
[BlackElo "2345"]
[PlyCount "104"]
[EventDate "2015.??.??"]

1. d4 d5 2. c4 e6 3. Nf3 Nf6 4. g3 Be7 5. Bg2 O-O 6. O-O dxc4 7. Qc2 a6 8. a4
Bd7 9. Ne5 Bc6 10. Nxc6 Nxc6 11. e3 Na5 12. Nd2 c5 13. Nxc4 cxd4 14. Nxa5 Qxa5
15. Bxb7 Rab8 16. Qc6 dxe3 17. Bxe3 Nd5 18. Ba7 Rbd8 19. Rfd1 Nb4 20. Qc4 Rxd1+
21. Rxd1 Qxa4 22. b3 Qb5 23. Qc7 Nd5 24. Bxd5 Qe2 25. Ra1 exd5 26. Bd4 Qe6 27.
Qb7 Rc8 28. Be3 Rc6 29. Qa8+ Bf8 30. Bd2 d4 31. Re1 Qc8 32. Re8 Qxa8 33. Rxa8
Rb6 34. Ba5 Rb5 35. b4 f6 36. Rd8 Kf7 37. Rxd4 Ke6 38. Kg2 Bd6 39. Kf3 f5 40.
Rc4 Kd5 41. Rh4 h6 42. Ke2 f4 43. Rg4 g5 44. h4 Bxb4 45. Bxb4 Rxb4 46. hxg5 f3+
47. Kxf3 Rxg4 48. Kxg4 hxg5 49. Kxg5 a5 50. f4 a4 51. f5 a3 52. f6 Ke6 0-1

[Event "33 Open Andorra Hotel St.Gothard "]
[Site "Erts-La Massana"]
[Date "2015.07.23"]
[Round "6.11"]
[White "Trepat Herranz, Joan"]
[Black "Narciso Dublan, Marc"]
[Result "1/2-1/2"]
[WhiteElo "2351"]
[BlackElo "2521"]
[PlyCount "73"]
[EventDate "2015.??.??"]

1. e4 d6 2. d4 Nf6 3. Nc3 g6 4. f4 Bg7 5. Nf3 O-O 6. e5 Nfd7 7. h4 c5 8. e6
fxe6 9. h5 gxh5 10. Ng5 Nf6 11. dxc5 d5 12. Bd3 h6 13. Nf3 b6 14. cxb6 Qxb6 15.
Bd2 Nc6 16. Na4 Qc7 17. Qe2 Rb8 18. c3 Ng4 19. Rxh5 e5 20. fxe5 Ncxe5 21. Nxe5
Bxe5 22. O-O-O Rf2 23. Qe1 Bf4 24. Rxd5 Rxd2 25. Rxd2 Nf6 26. Rd4 Bg4 27. Bc4+
Kf8 28. Kb1 Bxd2 29. Qxd2 Kg7 30. Bd3 Qe5 31. Bc2 Rf8 32. b3 Bf5 33. Bxf5 Qxf5+
34. Qd3 Qg5 35. Qd2 Qf5+ 36. Qd3 Qg5 37. Qd2 1/2-1/2

[Event "33 Open Andorra Hotel St.Gothard "]
[Site "Erts-La Massana"]
[Date "2015.07.23"]
[Round "6.12"]
[White "Congiu, Mathilde"]
[Black "Asis Gargatagli, Hipolito"]
[Result "0-1"]
[WhiteElo "2303"]
[BlackElo "2472"]
[PlyCount "60"]
[EventDate "2015.??.??"]

1. e4 c5 2. Nf3 d6 3. d4 cxd4 4. Nxd4 Nf6 5. Nc3 a6 6. Bg5 Nbd7 7. Bc4 Qb6 8.
Qd2 Qxb2 9. Rb1 Qa3 10. O-O e6 11. Bxe6 fxe6 12. Nxe6 Kf7 13. Nd8+ Kg8 14. Nd5
Qc5 15. Rfe1 Nxd5 16. exd5 Ne5 17. Ne6 Bxe6 18. dxe6 Re8 19. Rxe5 Qxe5 20. Re1
Qf5 21. e7 Bxe7 22. Bxe7 d5 23. Qb4 b5 24. Qd6 h5 25. Re5 Qf7 26. h4 Rh6 27.
Qd7 Rf6 28. Re2 Rf4 29. g3 Re4 30. Rxe4 dxe4 0-1

[Event "33 Open Andorra Hotel St.Gothard "]
[Site "Erts-La Massana"]
[Date "2015.07.23"]
[Round "6.13"]
[White "Gomez Jurado, Luis Alberto"]
[Black "Pulvett Marin, Daniel"]
[Result "0-1"]
[WhiteElo "2272"]
[BlackElo "2446"]
[PlyCount "64"]
[EventDate "2015.??.??"]

1. c4 b6 2. e4 Bb7 3. Nc3 e6 4. Nge2 Nf6 5. d3 c5 6. g3 d6 7. Bg2 Nbd7 8. O-O
a6 9. h3 h5 10. Be3 Qc7 11. a3 Be7 12. b4 Rd8 13. f4 Bc6 14. d4 cxd4 15. Nxd4
Bb7 16. Rc1 Qb8 17. Qe2 Qa8 18. Bf2 g6 19. Rfe1 Kf8 20. Nf3 b5 21. e5 dxe5 22.
fxe5 Nxe5 23. Qxe5 Bxf3 24. Bxf3 Qxf3 25. Ne4 bxc4 26. Bc5 Bxc5+ 27. bxc5 Nxe4
28. Rxe4 Rd2 29. Qxh8+ Ke7 30. Rxe6+ fxe6 31. Qg7+ Kd8 32. Qg8+ Kc7 0-1

[Event "33 Open Andorra Hotel St.Gothard "]
[Site "Erts-La Massana"]
[Date "2015.07.23"]
[Round "6.14"]
[White "Laclau, Daniel"]
[Black "Bernal Moro, Luis Javier"]
[Result "1/2-1/2"]
[WhiteElo "2301"]
[BlackElo "2435"]
[PlyCount "28"]
[EventDate "2015.??.??"]

1. d4 Nf6 2. c4 g6 3. Nc3 Bg7 4. e4 d6 5. Nf3 O-O 6. Be2 e5 7. O-O c6 8. Be3
exd4 9. Nxd4 Re8 10. Qc2 Qe7 11. Rfe1 Na6 12. f3 Nc5 13. Rad1 a5 14. Bf1 Nfd7
1/2-1/2